Famous People - Statistics

General Stats
  • This quiz has been taken 57 times
  • The average score is 7 of 12
Answer Stats
Picture Answer % Correct
Donald Trump
98%
Abraham Lincoln
95%
Michelle Obama
91%
Jackie Chan
84%
Robert Downey Jr
76%
Benedict Cumberbatch
69%
J K Rowling
58%
Chris Evans
36%
PewDiePie
22%
Steve
22%
Markus Persson
5%
Scott Morrison
5%
No matching quizzes found
Score Distribution
Percent of People with Each Score
Percentile by Number Answered
Your Score History
You have not taken this quiz